| 000 | 00384nam a2200169Ia 4500 | ||
|---|---|---|---|
| 005 | 20250603145222.0 | ||
| 008 | 250603s9999 xx 000 0 und d | ||
| 020 | _a0-273-75976-0 | ||
| 100 | _aDeitel Paul | ||
| 245 | 0 | _aJava How to Program | |
| 260 | _aHallow | ||
| 260 | _bPearson Education Limited | ||
| 260 | _c2012 | ||
| 300 | _a1532 p | ||
| 650 | _aHallow | ||
| 942 | _cBK | ||
| 999 |
_c41221 _d41221 |
||